00431nam a2200157Ia 4500008004100000020001500041041001200056082002100068100006400089245002700153250001200180260003300192300001100225500002700236650001000263231217s9999 xx 000 0 und d a817881207X aEnglish a332.6 SEE1;1 R aSeethapathi, K ed. Suryanarayana, A ed. Subbulakshmi, V ed. 0aPortfolio optimization a1st ed. c2003bICFAI PressaHyderabad ax, 193 aContent page available aICFAI